000 00442nam a2200181Ia 4500
001 7618
005 20260306160508.0
008 260306t2006||||xx |||||||||||||| ||spa||
041 _aESP
082 _a352.2830985
_bE39
100 _aElguera Valega, Luis
_eAUT
245 0 _aLa descentralización y sus instituciones
260 _c2006
300 _a306 páginas :
_c21 cm.
650 _aGEN
654 _aCAN
942 _cLIB
_dJUS
_fJUS
_2ddc
_n
999 _c7618
_d7618